| 000 | 00603nam a2200205Ia 4500 | ||
|---|---|---|---|
| 008 | 140626s9999 xx 000 0 und d | ||
| 100 | _aBashlian, Raffi. | ||
| 245 |
_aShort- vs long-course antibiotics for acurate exacerbations of chronic bronchitis / _cRaffi Bashlian ... [et al.]. |
||
| 260 | _cc2012. | ||
| 300 | _a8 : 7, page 534 | ||
| 440 | _aThe Journal for Nurse Practitioners (JNP) | ||
| 521 | _aNUR | ||
| 650 | _aAdult. | ||
| 650 | _aAECB. | ||
| 650 | _aDrug therapy. | ||
| 650 | _aReview of literature. | ||
| 650 | _aShort course. | ||
| 650 | _aTreatment outcome. | ||
| 942 | _cSE | ||
| 999 |
_c121426 _d121426 |
||